000 00586nam a2200217Ia 4500
008 150520s9999 xx 000 0 und d
050 _aHF 5549.A2
050 _b.C962 2015
100 _aCuachin, Given Y.
245 _aPayroll system for crumbs cake art /
245 _cGiven Y. Cuachin.
260 _aLas PiƱas, Philippines :
260 _bSISC,
260 _c2015.
300 _a91 pages :
300 _bcolor illustrations ;
300 _c28 cm.
500 _aIncludes bibliographical references and appendices.
650 _aPayrolls
650 _xComputer programs
999 _c284098
_d284098